Beste La Liga Torschützen FC Barcelona - Statistiken

Allgemein
  • Dieses Quiz wurde 848 mal gespielt
    413 seit der letzten Aktualisierung
  • Das Durchschnittsergebnis liegt bei 29 aus 37
Antwortstatistiken
Saison Nationalität Tore Spieler % Korrekt
2020/21 Argentinien 30 Lionel Messi
100%
2019/20 Argentinien 25 Lionel Messi
100%
2018/19 Argentinien 36 Lionel Messi
100%
2017/18 Argentinien 34 Lionel Messi
100%
2016/17 Argentinien 37 Lionel Messi
100%
2014/15 Argentinien 43 Lionel Messi
100%
2013/14 Argentinien 28 Lionel Messi
100%
2012/13 Argentinien 46 Lionel Messi
100%
2011/12 Argentinien 50 Lionel Messi
100%
2010/11 Argentinien 31 Lionel Messi
100%
2009/10 Argentinien 34 Lionel Messi
100%
2024/25 Polen 27 Robert Lewandowski
99%
2023/24 Polen 19 Robert Lewandowski
99%
2022/23 Polen 23 Robert Lewandowski
99%
2015/16 Uruguay 40 Luis Suárez
96%
2008/09 Kamerun 30 Samuel Eto'o
91%
2007/08 Kamerun 16 Samuel Eto'o
91%
2005/06 Kamerun 27 Samuel Eto'o
91%
2004/05 Kamerun 24 Samuel Eto'o
91%
2006/07 Brasilien 21 Ronaldinho
88%
2003/04 Brasilien 15 Ronaldinho
88%
1996/97 Brasilien 34 Ronaldo
79%
2021/22 Niederlande 12 Memphis Depay
77%
2000/01 Brasilien 23 Rivaldo
74%
1998/99 Brasilien 24 Rivaldo
74%
1997/98 Brasilien 19 Rivaldo
74%
1994/95 Bulgarien 9 Hristo Stoichkov
60%
1992/93 Bulgarien 20 Hristo Stoichkov
60%
1991/92 Bulgarien 17 Hristo Stoichkov
60%
1990/91 Bulgarien 14 Hristo Stoichkov
60%
1994/95 Niederlande 9 Jordi Cruyff
45%
2002/03 Niederlande 16 Patrick Kluivert
44%
2001/02 Niederlande 18 Patrick Kluivert
44%
1999/00 Niederlande 15 Patrick Kluivert
44%
1994/95 Niederlande 9 Ronald Koeman
40%
1993/94 Brasilien 30 Romário
38%
1995/96 Spanien 10 Óscar
2%
Keine übereinstimmenden Quizze gefunden
Verteilung der Resultate
Anzahl Personen mit jedem Resultat
Perzentil nach korrekt beantworteten Fragen
Ihre Resultats-Entwicklung
Sie haben dieses Quiz seit der letzten Aktualisierung nicht gespielt